Практикум по химии и физике полимеров

Бібліографічні деталі
Інші автори: Аввакумова Н. И. Нина Ивановна (редактор), Бударина Л. А. Лариса Андреевна, Дивгун С. М. Софья Михайловна, Заикин А. Е. Александр Евгеньевич, Куренков В. Ф.
Мова:Російська
Опубліковано: Москва, Химия, 1990
Редагування:2-е изд., перераб. и доп.
Предмети:
Формат: Книга
KOHA link:https://koha.lib.tpu.ru/cgi-bin/koha/opac-detail.pl?biblionumber=7

MARC

LEADER 00000nam0a2200000 4500
001 7
005 20231030172101.0
010 |a 5724501651 
035 |a (RuTPU)RU\TPU\book\7 
035 |a BOOK00000007 
090 |a 7 
100 |a 20011209d1990 m y0rusy50 ca 
101 0 |a rus 
102 |a RU 
105 |a a j 000zy 
200 1 |a Практикум по химии и физике полимеров  |f под ред. В. Ф. Куренкова 
205 |a 2-е изд., перераб. и доп. 
210 |a Москва  |d 1990  |c Химия 
215 |a 304 с.  |c ил. 
610 1 |a полимеры 
610 1 |a физика 
610 1 |a практические работы 
610 1 |a химия 
675 |a 678(076.5)  |v 3 
701 1 |a Аввакумова  |b Н. И.  |g Нина Ивановна 
701 1 |a Бударина  |b Л. А.  |g Лариса Андреевна 
701 1 |a Дивгун  |b С. М.  |g Софья Михайловна 
701 1 |a Заикин  |b А. Е.  |g Александр Евгеньевич 
702 1 |a Куренков  |b В. Ф.  |4 340 
801 0 |a RU  |b 63413507  |c 20011209  |g PSBO 
801 2 |a RU  |b 63413507  |c 20140916  |g PSBO 
942 |c BK